Towards a new theory of the firm : (Record no. 182525)

MARC details
000 -LEADER
campo de control de longitud fija 00963nam a2200241 i 4500
001 - NÚMERO DE CONTROL
campo de control 182525
003 - IDENTIFICADOR DE NÚMERO DE CONTROL
campo de control ES-MaACL
005 - FECHA Y HORA DE LA ÚLTIMA TRANSACCIÓN
campo de control 20250902070717.0
008 - DATOS DE LONGITUD FIJA--INFORMACIÓN GENERAL
campo de control de longitud fija 130911s2012 sp a | |||||||| | eng d
020 ## - NÚMERO INTERNACIONAL ESTÁNDAR DEL LIBRO
Número Internacional Estándar del Libro 978-84-92937-37-0
080 ## - NÚMERO DE LA CLASIFICACIÓN DECIMAL UNIVERSAL
Número de la Clasificación Decimal Universal 658
245 00 - MENCIÓN DEL TÍTULO
Título Towards a new theory of the firm :
Resto del título humanizing the firm and the management profession /
Mención de responsabilidad, etc. edited by Joan Enric Ricart Costa, Josep Maria Rosanas Martí ; Rafael Andreu Civit, Antonio Argandoña, Avner Ben-Ner ... [et al.].
260 ## - PUBLICACIÓN, DISTRIBUCIÓN, ETC.
Lugar de publicación, distribución, etc. Bilbao :
Nombre del editor, distribuidor, etc. Fundación BBVA,
Fecha de publicación, distribución, etc. 2012.
300 ## - DESCRIPCIÓN FÍSICA
Extensión 430 p. :
Otras características físicas il., gráf. ;
Dimensiones 24 cm.
504 ## - NOTA DE BIBLIOGRAFÍA, ETC.
Nota de bibliografía, etc. Incluye referencias bibliográficas e índice.
650 #7 - PUNTO DE ACCESO ADICIONAL DE MATERIA--TÉRMINO DE MATERIA
Término de materia o nombre geográfico como elemento de entrada Gestión de empresas
Fuente del encabezamiento o término embne
9 (RLIN) 12210
700 1# - ENTRADA AGREGADA--NOMBRE PERSONAL
Nombre de persona Ricart Costa, Joan Enric.
9 (RLIN) 149287
700 1# - ENTRADA AGREGADA--NOMBRE PERSONAL
Nombre de persona Rosanas i Martí, Josep M.
9 (RLIN) 153401
700 0# - ENTRADA AGREGADA--NOMBRE PERSONAL
Nombre de persona Andreu, Rafael.
9 (RLIN) 21638
852 ## - LOCALIZACIÓN
Ubicación ES-MaACL
Número de control de estantería A-12909
itemnumber 189438
Sublocalización o colección R.149102
Ubicación en estantería Depósito 1
Signatura antigua Olim: N-5909
942 ## - ELEMENTOS DE ENTRADA SECUNDARIOS (KOHA)
Fuente del sistema de clasificación o colocación Clasificación decimal universal
Tipo de ítem Koha Libro impreso
Holdings
Estatus retirado Estado de pérdida Fuente del sistema de clasificación o colocación Estado de daño No para préstamo Biblioteca de origen Biblioteca actual Ubicación en estantería Fecha de adquisición Fuente de adquisición Total de préstamos Signatura topográfica completa Código de barras Visto por última vez Precio de reemplazo Tipo de ítem Koha
    Clasificación decimal universal     Biblioteca del Ateneo de Madrid Biblioteca del Ateneo de Madrid Depósito 1 11/09/2013 Donación   A-12909 1191816 23/02/2023 23/02/2023 Libro impreso